00981nam a2200277Ia 450000500170000000800410001702000150005804100080007310000290008124501290011025000260023926400330026530000410029833600270033933700330036633800280039949000270042765000260045465000410048065000430052165000210056470000370058570000340062204000350065608400120069120220316235347.0121119s2003 ck a gr 000 f spa  a95830068231 aspa1 aVerne, Julio,d1828-190510aVeinte mil leguas de viaje submarino cJulio Verne ; versión abreviada de B. Fernández ; ilustraciones, Andrés Jullian aSegunda reimpresión 1aBogotábPanamericanac2003 a200 páginasbilustracionesc21 cm. atextobtxt2rdacontent asin mediaciónbn2rdamedia avolumenbnc2rdacarrier0 aBiblioteca Julio Verne142LEMBaNovela francesa142LEMBaLiteratura francesaySiglo XIX142LEMBaExploraciones submarinasvNovela142LEMBaAventuras 1 aFernández, Bernardoetraductor1 aJullian, Andréseilustrador aCO-BoRNBPbspaerdacCO-BoRNBP aN VER2